| 000 | 00727nam a2200205 a 4500 | ||
|---|---|---|---|
| 005 | 20140412111349.0 | ||
| 008 | 050421s19uu xx 00 eng d | ||
| 020 | _a0-375-81231-8 | ||
| 050 |
_aER _bSi35 2002 |
||
| 100 | _aHays, Anna Jane | ||
| 245 |
_aSilly Sara : _ba phonics reader / _cBy Anna Jane Hays ; illustrated by Sylvie Wickstorm. |
||
| 260 |
_aNew York : _bRandom House, _c2002. |
||
| 300 | _a32 p. ; ill. | ||
| 440 | _aStep into Reading, Step 1 | ||
| 520 | _aAlliterative rhyming tale of a girl who can be very silly but with her best frien, Sam, she discovers she can be something more. | ||
| 650 |
_aClumsiness _xFiction |
||
| 650 |
_aBest friend _xFiction |
||
| 650 | _aStories in rhyme | ||
| 999 |
_c105287 _d105287 |
||